LEADER 01531oam 2200409 a 450 001 9910698984603321 005 20090616101148.0 035 $a(CKB)5470000002398026 035 $a(OCoLC)401286274 035 $a(EXLCZ)995470000002398026 100 $a20090616d1990 ua 0 101 0 $aeng 135 $aurbn||||a|||| 181 $ctxt$2rdacontent 182 $cc$2rdamedia 183 $acr$2rdacarrier 200 10$aComparison of effects of copropagated and precomputed atmosphere profiles on Monte Carlo trajectory simulation$b[electronic resource] /$fEric M. Queen and Thomas M. O'Mara 210 1$aHampton, Va. :$cNational Aeronautics and Space Administration, Langley Research Center,$d[1990] 215 $a45 pages $cillustrations ;$d28 cm 225 1 $aNASA technical memorandum ;$v102600 300 $aTitle from title screen (viewed on May 19, 2009). 300 $a"August 1990." 320 $aIncludes bibliographical references (page 15). 606 $aAtmosphere$xComputer simulation 606 $aMonte Carlo method 615 0$aAtmosphere$xComputer simulation. 615 0$aMonte Carlo method. 700 $aQueen$b Eric M$g(Eric Morris)$01410054 701 $aO'Mara$b Thomas M$01410055 712 02$aLangley Research Center. 801 0$bGPO 801 1$bGPO 801 2$bGPO 906 $aBOOK 912 $a9910698984603321 996 $aComparison of effects of copropagated and precomputed atmosphere profiles on Monte Carlo trajectory simulation$93497955 997 $aUNINA